000
00223nam a2200097Ia 4500
008
120527s9999 xx 000 0 und d
100
_a
ONWASIGWE, Chika
245
_a
Medical research project
260
_b
El-de
942
_c
BK
999
_c
25079
_d
25079